000 00848nam a22002417a 4500
003 UA-OsUOA
001 31687
007 ta
008 20050111b un ||||| |||| 00| 0 ukr d
090 _a94(4)(075.8)
_bІ-90
942 _cBK
040 _aUA-OsUOA
_bukr
_cUA-OsUOA
_dUA-OsUOA
245 _aІсторія Центрально-Східної Європи
_bПосібник для студентів історичних і гуманітарних факультетів університетів
_cРед. Л.Зашкільняка
300 _a660 с.
955 _a0
041 _aukr
080 _a94(4)(075.8)
020 _a966-613-037-8
260 _aЛьвів
_bЛьвівський національний університет імені Івана Франка
_c2001
044 _aUA
650 7 _2UDC
999 _c318117
_d318117